Potter, Peter, or Putter? Quiz Stats

Quiz not verified by Sporcle

Challenge
Share
Tweet
Embed
Score 0/30 Timer 05:00
3 Plays Today
% Correct
Narnia
63.2%
PGA
61.9%
PGA
59.4%
PGA
58.4%
Wizards
57.8%
Wizards
57.2%
Narnia
55.9%
Wizards
53.8%
PGA
51.2%
PGA
51.1%
Narnia
51%
Wizards
49%
PGA
48.2%
PGA
47.7%
Narnia
46.8%
% Correct
PGA
43%
Narnia
41.5%
PGA
40.8%
Narnia
40.1%
Narnia
39.6%
Wizards
38.6%
PGA
38.2%
Narnia
37.2%
Wizards
32.2%
Narnia
30.7%
Narnia
29.6%
Wizards
28.9%
Wizards
25.1%
Wizards
24.9%
Wizards
22%

You're not logged in!

Compare scores with friends on all Sporcle quizzes.
Sign Up with Email
OR
Log In

You Might Also Like...

Show Comments

Extras

Top Quizzes Today


Score Distribution

Your Account Isn't Verified!

In order to create a playlist on Sporcle, you need to verify the email address you used during registration. Go to your Sporcle Settings to finish the process.